Capital Cities by Palaces - Statistics

General Stats
  • This quiz has been taken 17 times
  • The average score is 8 of 16
Answer Stats
Picture Answer % Correct
Beijing
100%
London
100%
Paris
93%
Moscow
86%
Bangkok
64%
Delhi
64%
Tokyo
64%
Madrid
57%
Rabat
50%
Vienna
29%
Berlin
21%
Baghdad
14%
Mexico City
14%
Addis Ababa
7%
Tehran
7%
Valletta
7%
No matching quizzes found
Score Distribution
Percent of People with Each Score
Percentile by Number Answered
Your Score History
You have not taken this quiz